000
00357nam a2200157Ia 4500
003
OSt
005
20240521120852.0
008
170524s9999 xx 000 0 und d
020
_a
978-0195670011
040
_c
iimtu
100
_a
Ramakalyan- A.
245
0
_a
Linear Circuits: Analysis & Synthesis
260
_b
Oxford
260
_c
2009
942
_2
ddc
_c
02
999
_c
5923
_d
5923